Práca a sociálna politika odborno-metodický mesačník pre otázky zamestnanosti, trhu práce, sociálnych vecí a rodiny

Gespeichert in:
Bibliographische Detailangaben
Format: Schriftenreihe
Sprache:Slowakisch
Veröffentlicht: Bratislava Výskumný ústav práce, sociálnych vecí a rodiny 2003
Schlagworte:
Tags: Tag hinzufügen
Keine Tags, Fügen Sie das erste Tag hinzu!

MARC

LEADER 00000nas2a22000001 4500
001 0052760
005 20230317103812.4
022 |a 1210-5643 
041 0 |a slo 
044 |a SK 
245 1 0 |a Práca a sociálna politika  |b odborno-metodický mesačník pre otázky zamestnanosti, trhu práce, sociálnych vecí a rodiny 
264 1 |a Bratislava  |b Výskumný ústav práce, sociálnych vecí a rodiny  |c 2003 
773 0 |w eu_un_cat*s120016 
610 2 0 |a práca 
610 2 0 |a politika sociálna